000 00547cam a22001457a 4500
008 180718b1998 xxu||||| |||| 00| 0 eng d
082 _aAPPPA 97-98 SIN/23
100 _aSinghal, R.K.
245 _aFire safety systems in government high rise buildings: an exploratory study in Delhi
_cby R.K. Singhal
260 _aNew Delhi
_bIndian Institute of Public Administration
_c1998
300 _a186p.
500 _aAn APPPA M.Phil. dissertation, 1997-98
650 _aAPPPA
650 _aGovernment buildings - Fires and fire prevention - India - Delhi
999 _c485653
_d485653